Isu-isu pembangunan luar bandar di Malaysia

Bibliographic Details
Format: Book
Published: Kuala Lumpur : DBP , 1992
Subjects:

MARC

LEADER 00000cam a2200000 7i4500
001 0000003028
002 000003278
005 20000330.0
020 |a 9836230092 
090 0 0 |a 338.9595   |b ISU 
245 0 0 |a Isu-isu pembangunan luar bandar di Malaysia   |c diselaraskan oleh Victor T. King, Nazaruddin Mohd. Jali 
260 |a Kuala Lumpur :   |b DBP ,   |c 1992 
300 |a 498 p. :   |b ill. ;   |c 24 cm. 
650 0 0 |a Agricultural development projects   |x Malaysia 
650 0 0 |a Rural Development projects   |z Malaysia 
650 0 0 |a Rural development   |z Malaysia 
999 |a 036608   |b BUKU   |c PINJAMAN   |e PERPUSTAKAAN KOMUNITI PETALING JAYA 
999 |a 036609   |b BUKU   |c MALAYSIANA   |e PERPUSTAKAAN KOMUNITI PETALING JAYA